The sound of the trumpet
Guardat en:
| Autor principal: | |
|---|---|
| Format: | Llibre |
| Idioma: | anglès |
| Publicat: |
International Publishers
2018
|
| Etiquetes: |
Afegir etiqueta
Sense etiquetes, Sigues el primer a etiquetar aquest registre!
|
MARC
| LEADER | 00000nam a22000007a 4500 | ||
|---|---|---|---|
| 008 | 240226b |||||||| |||| 00| 0 eng d | ||
| 020 | |a 9781309618580 | ||
| 100 | |a AYOOLA, Grace Adeola | ||
| 245 | |a The sound of the trumpet |c Grace Adeola Ayoola |g xiii,150p | ||
| 260 | |b International Publishers |c 2018 |h Ibadan, Nigeria |i 702083 |i 702084 |i 702085 |i 702086 |i 702087 |i 702088 |i 702089 |i 702090 |i 702091 |i 702092 |l BV3790.1.Ay6 |m Evangelistic work | ||
| 500 | |a it includes index | ||
| 942 | |a lcc |c BK |e Johnson |f 26/02/24 | ||
| 952 | |0 0 |1 0 |2 lcc |4 0 |6 BV37901 A Y6 |7 0 |9 4870 |a ART |b HOL |c AF |d 2024-02-26 |l 0 |o BV3790.1.Ay6 |p 2024-0123 |r 2024-02-26 00:00:00 |t 702083 |w 2024-02-26 |y BK | ||
| 952 | |0 0 |1 0 |2 lcc |4 0 |6 BV37901 A Y6 |7 0 |9 4871 |a ART |b HOL |c AF |d 2024-02-26 |l 0 |o BV3790.1.Ay6 |p 2024-0124 |r 2024-02-26 00:00:00 |t 702084 |w 2024-02-26 |y BK | ||
| 952 | |0 0 |1 0 |2 lcc |4 0 |6 BV37901 A Y6 |7 0 |9 4872 |a ART |b HOL |c AF |d 2024-02-26 |l 0 |o BV3790.1.Ay6 |p 2024-0125 |r 2024-02-26 00:00:00 |t 702085 |w 2024-02-26 |y BK | ||
| 952 | |0 0 |1 0 |2 lcc |4 0 |6 BV37901 A Y6 |7 0 |9 4873 |a ART |b HOL |c AF |d 2024-02-26 |l 0 |o BV3790.1.Ay6 |r 2024-02-26 00:00:00 |t 702085 |w 2024-02-26 |y BK | ||
| 952 | |0 0 |1 0 |2 lcc |4 0 |6 BV37901 A Y6 |7 0 |9 4874 |a ART |b HOL |c AF |d 2024-02-26 |l 0 |o BV3790.1.Ay6 |p 2024-0126 |r 2024-02-26 00:00:00 |t 702086 |w 2024-02-26 |y BK | ||
| 952 | |0 0 |1 0 |2 lcc |4 0 |6 BV37901 A Y6 |7 0 |9 4875 |a ART |b HOL |c AF |d 2024-02-26 |l 0 |o BV3790.1.Ay6 |p 2024-0127 |r 2024-02-26 00:00:00 |t 702087 |w 2024-02-26 |y BK | ||
| 952 | |0 0 |1 0 |2 lcc |4 0 |6 BV37901 A Y6 |7 0 |9 4876 |a HOL |b HOL |c AF |d 2024-02-26 |l 0 |o BV3790.1.Ay6 |p 2024-0128 |r 2024-02-26 00:00:00 |t 702088 |w 2024-02-26 |y BK | ||
| 952 | |0 0 |1 0 |2 lcc |4 0 |6 BV37901 A Y6 |7 0 |9 4877 |a HOL |b HOL |c AF |d 2024-02-26 |l 0 |o BV3790.1.Ay6 |p 2024-0129 |r 2024-02-26 00:00:00 |t 702089 |w 2024-02-26 |y BK | ||
| 952 | |0 0 |1 0 |2 lcc |4 0 |6 BV37901 A Y6 |7 0 |9 4878 |a HOL |b HOL |c AF |d 2024-02-26 |l 0 |o BV3790.1.Ay6 |r 2024-02-26 00:00:00 |t 702090 |w 2024-02-26 |y BK | ||
| 952 | |0 0 |1 0 |2 lcc |4 0 |6 BV37901 A Y6 |7 0 |9 4879 |a HOL |b HOL |c AF |d 2024-02-26 |l 0 |o BV3790.1.Ay6 |p 2024-0130 |r 2024-02-26 00:00:00 |t 702091 |w 2024-02-26 |y BK | ||
| 952 | |0 0 |1 0 |2 lcc |4 0 |6 BV37901 A Y6 |7 0 |9 4880 |a HOL |b HOL |c AF |d 2024-02-26 |l 0 |o BV3790.1.Ay6 |p 2024-0131 |r 2024-02-26 00:00:00 |t 702092 |w 2024-02-26 |y BK | ||
| 999 | |c 2428 |d 2428 | ||